000 00720nam a2200241Ia 4500
003 OSt
005 20220923224833.0
006 a|||||r|||| 00| 0
007 ta
008 220922b |||||||| |||| 00| 0 hin d
024 _a251,885
037 _cTextual
040 _aARTS
_cARTS
_bhin
041 _2hin
_ahin
082 _aO152,2M89:g, M8
100 _aपाण्डेय
_9156280
245 0 _aप्रसाद के नाटक मनोसामाजिक
246 _aPrasād ke nāṭak hinosāmājika
260 _c1988
650 _aहिन्दी साहित्य
_9156264
942 _hO152,2M89:g, M8
_cTEXL
_2CC
999 _c374018
_d374018